La medición de la pobreza /

Gorde:
Xehetasun bibliografikoak
Egile nagusia: Cid, José Rafael del
Beste egile batzuk: Kruijt; Dirk
Formatua: Texto
Gaiak:
Etiketak: Etiketa erantsi
Etiketarik gabe, Izan zaitez lehena erregistro honi etiketa jartzen!

MARC

LEADER 00000 a a2200000 04500
001 45147
003
040
090 |a 03.02.05 C568o  
100 |a Cid, José Rafael del 
245 |a La medición de la pobreza /  |c Jose Rafel del Cid; Dirk Kruijt  
650 |a POBREZA  
650 |a INDICADORES ECONOMICOS  
650 |a INDICADORES SOCIALES  
650 |a METODO INTEGRADO  
700 |a Kruijt; Dirk  
773 |g páginas 21-48  
999 |c 21817  |d 21817